Quizzes
Events
Quiz Creation
Community
Videos
Private Events
Remove Ads
Sign In
Join for FREE
Feedback
Dark Mode
Quiz Categories
Sports
Geography
Music
Movies
Television
Just For Fun
Miscellaneous
History
Literature
Language
Science
Gaming
Entertainment
Religion
Holiday
For Kids
Quiz Lab
Recent
Popular Today
Quiz Kudos Today
Editor Picks
Curator Picks
Quizzes by...
Day
Popularity
Type
Ratings
Length
Year
Community
Subscriptions
Recent Discussions
Orange Saloon
Badges
Playlists
Quests
Create
Leaderboards
Showdown
Live 5
Trivia Bingo
Activity
Puzzle Library
Sporcle Events
Private Events
Virtual Trivia
Globe League
Become a Host
Pub Owners
SporcleCon
Opinionation
Our Games
Videos
Blog
Mobile Apps
Partnerships
Remove Ads and Go Orange
Feedback
Gaming
Video Games
Board Games
Card Games
Pokémon
Mario
Nintendo
Minecraft
Console
Toys
Legend of Zelda
Gaming
Video Games
Board Games
Card Games
Pokémon
Mario
Nintendo
Minecraft
Console
Toys
Legend of Zelda
Random Quiz
Search Sporcle
×
Quiz Lab
Quiz Lab
Gaming
League
Type in answers that appear in a list
Type in answers that appear in a list
Classic
Best Score? Go Orange.
Name the League of Legends Champions Stats
Can you name the League of Legends Champions?
By
blargansmarf
10m
49 Questions
180 Plays
180 Plays
180 Plays
Comments
Comments
Give Quiz Kudos
Give Quiz Kudos
-
- Ratings
hide this ad
Replay
Link that replays current quiz
Next Quiz
Link to next quiz in quiz playlist
You Got
0%
They Got
Avg Score
83%
Avg Friend Score
Upgrade to see
Score Distribution
Jump to the score distribution portion of the page
Score
0/49
Timer
10:00
0
Plays Today
Title
Champion
% Correct
The Sad Mummy
Amumu
98.9%
The Minotaur
Alistar
97.8%
The Dark Child
Annie
97.8%
The Frost Archer
Ashe
97.8%
The Cryophoenix
Anivia
93.9%
The Great Steam Golem
Blitzcrank
93.3%
The Yeti Rider
Nunu
91.7%
The Wuju Bladesman
Master Yi
91.1%
The Card Master
Twisted Fate
90.6%
The Plague Rat
Twitch
90%
The Chronokeeper
Zilean
89.4%
The Judicator
Kayle
88.3%
The Armordillo
Rammus
88.3%
The Prodigal Explorer
Ezreal
87.8%
The Swift Scout
Teemo
87.8%
The Revered Inventor
Heimerdinger
87.2%
The Mad Chemist
Singed
87.2%
The Demon Jester
Shaco
86.7%
The Animal Spirit
Udyr
86.7%
The Fallen Angel
Morgana
86.1%
The Starchild
Soraka
86.1%
The Tiny Master of Evil
Veigar
86.1%
The Daring Bombardier
Corki
85.6%
The Gem Knight
Taric
85.6%
The Terror of the Void
Cho'Gath
85%
Title
Champion
% Correct
The Barbarian King
Tryndamere
85%
The Saltwater Scourge
Gangplank
84.4%
The Voidwalker
Kassadin
83.9%
The Storm's Fury
Janna
82.8%
The Master of Metal
Mordekaiser
82.8%
The Bestial Huntress
Nidalee
82.8%
The Megling Gunner
Tristana
82.8%
The Sinister Blade
Katarina
81.7%
The Curator of Sands
Nasus
81.7%
The Rogue Mage
Ryze
81.7%
The Battle Mistress
Sivir
79.4%
The Deathsinger
Karthus
78.9%
The Madman of Zaun
Dr. Mundo
76.7%
The Widowmaker
Evelynn
76.7%
The Undead Abomination
Sion
76.7%
The Blood Hunter
Warwick
76.7%
The Iron Ambassador
Poppy
75.6%
The Armsmaster
Jax
75%
The Shard of the Monolith
Malphite
75%
The Artisan of War
Pantheon
71.1%
The Harbinger of Doom
Fiddlesticks
70%
The Rabble Rouser
Gragas
68.3%
The Heart of Tempest
Kennen
67.2%
The Eye of Twiight
Shen
63.3%
Quiz Playlist
Details
Report
Send in Message
Add To Playlist
Classic:
Type in answers that appear in a list
Quiz Source
Last Updated: Feb 16, 2017
Quiz Scoreboard
CHALLENGE
Sign Up to Join the Scoreboard
Show All
Scores
Hide
Comments
May contain spoilers
Recently Published
Presidents Visiting Landmarks
by Hejman
History
7m
An Introduction to Baseball
by treessimontrees
Sports
5m
Movies - When Are They Set?
by FPL_Elf
Movies
5m
More to Explore
Quiz From the Vault
Featured Blog Post
Where Did the Easter Bunny Come From?
hide this ad
You Might Also Like...
Tags
champion
League
legend
Legends Champions
Today's Top Quizzes in Gaming
Browse Gaming
hide this ad
Today's Top Quizzes in League
Browse League
Top Contributed Quizzes in Gaming
1
5-to-1: Consoles
2
7-to-1: Board Game Piece Blitz
3
5-to-1: Legend of Zelda
4
Destiny 2 exotic weapons by perk icons
5
Ultimate Genshin Impact Logic Puzzle (up to 4.3)
6
Franchise by Action Figure
7
Overwatch Logic Puzzle
8
Who's on the WWE 2K24 Cover?
9
Genshin Impact Logic Puzzle Quiz
10
Windmill: Pokémon
Explore More
Trending Topics
Disney
Crossword
Kpop
Marvel
Harry Potter
Anime
NBA
Soccer
Puzzle
Country
The Office
NFL
Song
Pokémon
WWE
hide this ad
More By:
blargansmarf
Quiz
Plays
Rating
Category
Featured
Created
Name the League of Legends Champions
180
3.00
Gaming
Apr 6, 2010
Go to Creator's Profile
Score Distribution
Quiz Creator Spotlight
blargansmarf
Follow
Send a Message
Quizzes Created
-
Created Quiz Play Count
-
More By This Creator
Popular Quizzes Today
1
Find the US States - No Outlines Minefield
2
Find the Countries of Europe - No Outlines Minefield
3
The Countries of the World
4
Find the US States
5
Popular People in 1961
6
US States
7
Risky Map Clicking: Biggest States A-Z
8
Movies - When Are They Set?
More Gaming Quizzes
Minecraft by Numbers II
Curator's Pick
Trending Quizzes
Risky Map Clicking: Least Populous States A-Z
1-10 Letter G Words
1-10 Letter F Words
Risky Map Clicking: Next State Alphabetically
Risky Map Clicking: Biggest States A-Z
Recently Updated
Leaping Animals
pecheneg
Reality TV Shows (A-Z)
bhenderson79
Rickey Henderson's Hall of Fame Teammates
pecheneg
Champions League XIs: Arsenal
pecheneg
Quick Pick: Celebrities in WWE's Hall of Fame
aduchscher
A-Z Keypad Blitz II
pecheneg
Multiple Oscar Actors
pecheneg
Mystery Phrase Blitz: Oscar 'Best Actors'
pecheneg
F. Scott Fitzgerald Novels
LTH
Pick 3 Villains
ddd62291
Trending Topics
Marvel
Harry Potter
NBA
Crossword
Disney
Kpop
Anime
Pokémon
Soccer
NFL
The Office
Puzzle
WWE
Country
Song
Your Account Isn't Verified!
In order to create a playlist on Sporcle, you need to verify the email address you used during registration. Go to your
Sporcle Settings
to finish the process.
Report this User
Report this user for behavior that violates our
Community Guidelines
.
Details:
Send Report
Go to the Sporcle.com Mobile Site →
Comments